000 00400nam a2200181Ia 4500
008 151018s9999 xx 000 0 und d
082 _bRBASDV46293
_a891.464
100 _aosho
245 _aThe true Name
250 _b1
260 _bhind pocket book
_c2007
300 _a528
600 _aosho
630 _aThe true Name
700 _aosho
730 _aThe true Name
942 _cBOOK
999 _c1045456
_d1045453